| 000 | 00867cab a2200289 4500 | ||
|---|---|---|---|
| 001 | ABS68511 | ||
| 008 | 041203n2004 000 0 eng u | ||
| 035 | _a(Sirsi) u128195 | ||
| 245 | _aRegional survey: West Midlands | ||
| 260 | _c2004 | ||
| 490 |
_aProperty Week _v69(45) 5 November 2004, 85-106(8) |
||
| 590 | _aABS | ||
| 650 | _aWEST MIDLANDS | ||
| 650 | _aBLACK COUNTRY | ||
| 650 | _aREGENERATION | ||
| 650 | _aWOLVERHAMPTON | ||
| 650 | _aBRIERLEY HILL | ||
| 650 | _aBIRMINGHAM | ||
| 650 | _aWEST BROMWICH | ||
| 650 | _aPROPERTY-COMMERCIAL PROPERTY-OFFICE PROPERTY-OFFICE PROPERTY MARKET | ||
| 650 | _aLEISURE MARKET | ||
| 650 | _aINDUSTRIAL MARKET | ||
| 650 | _aM6 TOLL | ||
| 650 | _aPROPERTY-COMMERCIAL PROPERTY-RETAIL PROPERTY-RETAIL PROPERTY MARKET | ||
| 690 | _aPROPERTY-COMMERCIAL PROPERTY-COMMERCIAL PROPERTY MARKET | ||
| 942 | _n0 | ||
| 999 |
_c74647 _d74647 |
||